000 00603nam a2200217Ia 4500
003 OSt
005 20220926040507.0
006 a|||||r|||| 00| 0
007 ta
008 220923b |||||||| |||| 00| 0 eng d
037 _cGeneral Book
040 _aRTL
_cRTL
_beng
041 _2eng
_aeng
082 _aX:271.73.N6, K4
100 _aLandsberg Hans H
_9343728
245 0 _aNatural resources for U S growth
_b A look ahead to
260 _c1964
650 _aNatural Resources Economics
942 _hX:271.73.N6, K4
_cGB
_2CC
999 _c664946
_d664946